<?xml version="1.0" encoding="UTF-8"?>
<marc:record xmlns:marc="http://www.loc.gov/MARC21/slim">
   <marc:leader>00000nam a2200000 a 4500</marc:leader>
   <marc:datafield ind1="1" ind2=" " tag="100">
      <marc:subfield code="a">Leuprecht, Peter</marc:subfield>
      <marc:subfield code="4">aut</marc:subfield>
      <marc:subfield code="e">Verfasser/-in</marc:subfield>
   </marc:datafield>
   <marc:datafield ind1=" " ind2=" " tag="653">
      <marc:subfield code="a">Konfuzianismus</marc:subfield>
   </marc:datafield>
   <marc:datafield ind1=" " ind2=" " tag="653">
      <marc:subfield code="a">Islam</marc:subfield>
   </marc:datafield>
   <marc:datafield ind1=" " ind2=" " tag="653">
      <marc:subfield code="a">Christentum</marc:subfield>
   </marc:datafield>
   <marc:datafield ind1=" " ind2=" " tag="653">
      <marc:subfield code="a">Menschenrecht</marc:subfield>
   </marc:datafield>
   <marc:datafield ind1=" " ind2=" " tag="653">
      <marc:subfield code="a">Softcover / Politikwissenschaft</marc:subfield>
   </marc:datafield>
   <marc:datafield ind1="0" ind2="0" tag="245">
      <marc:subfield code="a">Vernunft, Gerechtigkeit, Würde</marc:subfield>
   </marc:datafield>
   <marc:datafield ind1="0" ind2="0" tag="245">
      <marc:subfield code="b">eine Reise zu chinesischen, islamischen und westlichen Quellen der Menschenrechte</marc:subfield>
   </marc:datafield>
   <marc:datafield ind1="0" ind2="0" tag="245">
      <marc:subfield code="c">Peter Leuprecht. [Land Kärnten Kultur</marc:subfield>
   </marc:datafield>
   <marc:datafield ind1=" " ind2="1" tag="264">
      <marc:subfield code="a">Klagenfurt</marc:subfield>
      <marc:subfield code="b">Drava</marc:subfield>
      <marc:subfield code="c">2015</marc:subfield>
   </marc:datafield>
   <marc:datafield ind1="1" ind2=" " tag="490">
      <marc:subfield code="a">Edition Tri</marc:subfield>
   </marc:datafield>
   <marc:datafield ind1="1" ind2=" " tag="520">
      <marc:subfield code="a">Angaben aus der Verlagsmeldung

Vernunft, Gerechtigkeit, Würde : Eine Reise zu chinesischen, islamischen und westlichen Quellen der Menschenrechte / von Peter Leuprecht

Das Konzept der Menschenrechte ist im späten 18. Jahrhundert aufgekommen, doch seine Wurzeln reichen sehr weit zurück. Das Buch lädt zu einer Reise in drei Etappen ein: mit den Lehrmeistern Konfuzius und Menzius ins China der frühen Dynastien, mit den Gelehrten Avicenna, Averroes und Ibn Khaldun ins goldene Zeitalter des Islam und mit den 'Dissidenten' Las Casas und de Vitoria ins Spanien der Conquista.
Peter Leuprecht, der im Rahmen des Europarats, im Auftrag der Vereinten Nationen, als Universitätsprofessor und engagierter Zeitgenosse für die Entwicklung und Durchsetzung der Menschenrechte gekämpft hat, tritt in diesem Buch bewusst westlich geprägten Stereotypen entgegen. Deutlich wird, dass die den Menschenrechten zugrundeliegenden Ideen von Vernunft, Gerechtigkeit und Menschenwürde aus vielfältigsten Quellen der Menschheit und Menschlichkeit schöpfen.
Das Buch basiert auf einem intensiven Studium historischer Quellen und ihrer Wirkungsgeschichte und liest sich doch wie eine faszinierende Erkundung unbekannter Denk-Welten – mit gelegentlichen Seitenhieben auf aktuelle politische Diskurse.
</marc:subfield>
   </marc:datafield>
   <marc:datafield ind1=" " ind2=" " tag="020">
      <marc:subfield code="a">9783854357582</marc:subfield>
      <marc:subfield code="9">9783854357582</marc:subfield>
   </marc:datafield>
   <marc:datafield ind1=" " ind2=" " tag="041">
      <marc:subfield code="a">ger</marc:subfield>
   </marc:datafield>
   <marc:datafield ind1=" " ind2=" " tag="300">
      <marc:subfield code="a">134 S.</marc:subfield>
   </marc:datafield>
</marc:record>
